Statistics for European Rugby Champions Cup Top 4

Click here to take the quiz!

General Stats

  • This quiz has been taken 50 times
    (9 since last reset)
  • The average score is 22 of 31

Answer Stats

Team% Correct
Exeter Chiefs
100%
Leinster
100%
Munster
100%
RC Toulon
100%
Saracens
100%
Stade Toulousain
100%
ASM Clermont
89%
Cardiff Blues
89%
Cardiff RFC
89%
Gloucester Rugby
89%
Leicester Tigers
89%
Northampton Saints
89%
Stade rochelais
89%
Ulster
89%
Wasps
89%
Bath Rugby
78%
Harlequins
78%
London Irish
78%
Stade Français
67%
Union Bordeaux Bègles
67%
Biarritz Olympique
56%
CA Brive
56%
Racing 92
56%
Castres Olympique
44%
Edinburgh Rugby
44%
Scarlets
44%
Swansea RFC
44%
USA Perpignan
33%
Section Paloise
22%
Llanelli RFC
11%
US Colomiers
0%

Score Distribution

Percentile by Number Answered

Percent of People with Each Score

Your Score History

You have not taken this quiz since the last reset